000 00295nam a2200085Ia 4500
245 0 _aWhat's the big deal about sex? : loving God's way
100 _a BURGEN, Jim Wellington [South Africa], 2001 South African ed., 1st ed
_981962
942 _cBK
008 210817s9999 xx 000 0 und d
999 _c294602
_d294600